000
00305nam a2200121Ia 4500
008
170620s9999 xx 000 0 und d
100
_a
AGRAWAL - O.P.
245
0
_a
ORGANIC CHEMISTRY NATURAL PRODUCT
260
_b
VALLABH DELHI
260
_c
2006
300
_a
528
546
_a
English
690
_a
ORGANIC CHEMISTRY NATURAL PRODUCT
999
_c
30872
_d
30872